Mosquito: A zaddy and subaltern sex in the disease epidemiology and control (Record no. 395064)

MARC details
000 -LEADER
fixed length control field 00535 a2200193 4500
005 - DATE & TIME
control field 20260202163617.0
008 - FIXED-LENGTH DATA ELEMENTS--GENERAL INFORMATION
fixed length control field 260202b |||||||| |||| 00| 0 eng d
020 ## - ISBN
International Standard Book Number 9789394645783
Price Rs. 3795.00
040 ## - CATALOGING SOURCE
Original cataloging agency VIVEKANANDA LIBRARY
082 ## - DDC NUMBER
Classification number 595.772
Book Number T952M
100 ## - MAIN ENTRY--PERSONAL NAME
Personal name Tyagi, B K
245 ## - TITLE STATEMENT
Title Mosquito: A zaddy and subaltern sex in the disease epidemiology and control
260 ## - PUBLICATION, DISTRIBUTION, ETC. (IMPRINT)
Name of publisher, distributor, etc Scientific Publishers
Date of publication, distribution, etc 2025
Place of publication, distribution, etc Jodhpur
300 ## - PHYSICAL DESCRIPTION
Pages xv, 232
650 ## - Subject
Subject Zoology
650 ## - Subject
Subject Mosquito Biology
650 ## - Subject
Subject Zoogeography
942 ## - ADDED ENTRY ELEMENTS (KOHA)
Koha item type Books
Holdings
Withdrawn status Lost status Source of classification or shelving scheme Damaged status Not for loan Location (home branch) Sublocation or collection (holding branch) Shelving location Date acquired Koha issues (times borrowed) Koha full call number Accession No. Koha date last seen Koha item type
    Dewey Decimal Classification     VIVEKANANDA LIBRARY VIVEKANANDA LIBRARY Vivekananda Library 06/01/2026   595.772 T952M 444109 06/01/2026 Books
© Designed and Maintained by Vivekananda Library, MDU Rohtak